Circulars on administrative reforms in the civil service of Malaysia (1991-1996)

Bibliographic Details
Main Author: AHMAD Sarji bin Abdul Hamid 1938-
Format: Book
Published: Kuala Lumpur : Government of Malaysia , 1996
Subjects:

MARC

LEADER 00000cam a2200000 7i4500
001 0000001960
005 20020716.0
090 0 0 |a R354.595007   |b AHM 1996 
100 0 0 |a AHMAD Sarji bin Abdul Hamid   |f Tan Sri Dato' Seri   |c 1938- 
245 1 0 |a Circulars on administrative reforms in the civil service of Malaysia (1991-1996)   |c issued by Tan Sri Dato' Seri Ahmad Sarji bin Abdul Hamid 
260 0 0 |a Kuala Lumpur :   |b Government of Malaysia ,   |c 1996 
300 |a viii,[300] p. ;   |c 25 cm. 
650 0 0 |a Civil service   |z Malaysia 
650 0 0 |a Public administration   |z Malaysia 
998 |a JPSM 
999 |a 0000003368   |b Monograph   |c Reference   |e Default branch